| 000 | 01811cam a22004574a 4500 | ||
|---|---|---|---|
| 020 | _a1888577711 | ||
| 082 | 0 | 0 |
_a624.2 _bKIM _cN-01, P-205 |
| 100 | 1 |
_aKim, Robert H., _936411 |
|
| 245 | 1 | 0 |
_aBridge design for the civil and structural professional engineering exams / _cRobert H. Kim and Jai B. Kim. |
| 250 | _a2nd ed. | ||
| 260 |
_aBelmont, CA : _bProfessional Publications, _c2001. |
||
| 300 |
_ax, 64 p. : _bill. ; _c28 cm. |
||
| 526 |
_a0 _b0 _c0 _d624_200000000000000_KIM |
||
| 526 |
_a0 _b0 _c0 _d624_200000000000000_KIM |
||
| 526 |
_a0 _b0 _c0 _d624_200000000000000_KIM |
||
| 526 |
_a0 _b0 _c0 _d624_200000000000000_KIM |
||
| 526 |
_a0 _b0 _c0 _d624_200000000000000_KIM |
||
| 526 |
_a0 _b0 _c0 _d624_200000000000000_KIM |
||
| 526 |
_a0 _b0 _c0 _d624_200000000000000_KIM |
||
| 526 |
_a0 _b0 _c0 _d624_200000000000000_KIM |
||
| 526 |
_a0 _b0 _c0 _d624_200000000000000_KIM |
||
| 526 |
_a0 _b0 _c0 _d624_200000000000000_KIM |
||
| 526 |
_a0 _b0 _c0 _d624_200000000000000_KIM |
||
| 526 |
_a0 _b0 _c0 _d624_200000000000000_KIM |
||
| 526 |
_a0 _b0 _c0 _d624_200000000000000_KIM |
||
| 526 |
_a0 _b0 _c0 _d624_200000000000000_KIM |
||
| 526 |
_a0 _b0 _c0 _d624_200000000000000_KIM |
||
| 526 |
_a0 _b0 _c0 _d624_200000000000000_KIM |
||
| 526 |
_a0 _b0 _c0 _d624_200000000000000_KIM |
||
| 526 |
_a0 _b0 _c0 _d624_200000000000000_KIM |
||
| 526 |
_a0 _b0 _c0 _d624_200000000000000_KIM |
||
| 526 |
_a0 _b0 _c0 _d624_200000000000000_KIM |
||
| 526 |
_a0 _b0 _c0 _d624_200000000000000_KIM |
||
| 650 | 0 |
_aBridges _zUnited States _xDesign and construction _936412 |
|
| 650 | 0 |
_aCivil engineering _zUnited States _936413 |
|
| 650 | 0 |
_aCivil engineering _zUnited States _xExaminations _936414 |
|
| 650 | 0 |
_aNUST _96342 |
|
| 700 | 1 |
_aKim, Jai B., _936415 |
|
| 856 | 4 | 2 | _uhttp://www.loc.gov/catdir/enhancements/fy0838/2001019563-d.html |
| 942 |
_2ddc _cBK |
||
| 999 |
_c541480 _d541480 |
||